[Event "Championnat de France des Jeunes - Cadet"]
[Site "LA ROCHE SUR YON"]
[Date "2008.04.25"]
[Round "6.3"]
[White "Brih, Touatia"]
[Black "Le Bail, Clara"]
[Result "0-1"]
[WhiteElo "1956"]
[BlackElo "2012"]
[PlyCount "122"]

1. d4 d5 2. Nf3 Nf6 3. c4 c6 4. Nc3 dxc4 5. a4 Bf5 6. e3 e6 7. Bxc4 Bb4 8. O-O
O-O 9. Ne5 Nbd7 10. Nd3 Bd6 11. h3 Qe7 12. Re1 Ne4 13. Nxe4 Bxe4 14. f4 Bd5 15.
b3 Nf6 16. Nf2 Ne4 17. Nxe4 Bxe4 18. Bd3 Bxd3 19. Qxd3 Rfd8 20. Bb2 e5 21. fxe5
Bxe5 22. Qf5 Bf6 23. Ba3 Qd7 24. Qxd7 Rxd7 25. Rad1 Rad8 26. Rc1 g6 27. Bc5 b6
28. Ba3 Re8 29. Kf2 Re6 30. Rc2 Rd5 31. Rec1 Rf5+ 32. Kg1 Rxe3 33. Rxc6 Bxd4
34. Rc8+ Kg7 35. Bf8+ Kf6 36. Kh1 Rxb3 37. h4 Rf4 38. R8c6+ Kf5 39. Be7 f6 40.
g4+ Kxg4 41. R6c2 Rh3+ 42. Rh2 Rxh2+ 43. Kxh2 Kxh4 44. Bd6 Be5 45. Bxe5 fxe5
46. Rc7 Rxa4 47. Rxh7+ Kg4 48. Kg2 g5 49. Kf2 a5 50. Ke3 Rb4 51. Rh1 a4 52. Kd3
b5 53. Kc3 Rb3+ 54. Kc2 b4 55. Rg1+ Kf4 56. Rf1+ Rf3 57. Rd1 g4 58. Rd8 g3 59.
Rf8+ Ke3 60. Re8 Rf2+ 61. Kb1 g2 0-1

[Event "Championnat de France des Jeunes - Cadet"]
[Site "LA ROCHE SUR YON"]
[Date "2008.04.25"]
[Round "6.4"]
[White "Armas, Lara-Maria"]
[Black "Vinckier, Delphine"]
[Result "1-0"]
[WhiteElo "1891"]
[BlackElo "1818"]
[PlyCount "75"]

1. d4 Nf6 2. c4 e6 3. Nc3 b6 4. Bg5 Bb7 5. e4 h6 6. Bxf6 Qxf6 7. f3 Bb4 8. Qd2
c5 9. Nge2 Nc6 10. d5 Nd4 11. Rb1 exd5 12. exd5 O-O 13. a3 Bxc3 14. bxc3 Qh4+
15. Ng3 Nf5 16. Qf2 Rfe8+ 17. Kd2 Qf4+ 18. Kc2 Ne3+ 19. Kb3 Ba6 20. Re1 Bxc4+
21. Bxc4 Qxc4+ 22. Kb2 Nxd5 23. Qd2 Qb5+ 24. Ka2 Nc7 25. Ne4 Qc4+ 26. Kb2 Nb5
27. Qxd7 Rad8 28. Nf6+ gxf6 29. Rxe8+ Kg7 30. Qxd8 Qxc3+ 31. Kb1 Nxa3+ 32. Ka2
Qc2+ 33. Kxa3 Qc3+ 34. Ka2 Qc2+ 35. Ka1 Qc3+ 36. Kb1 Qb3+ 37. Kc1 Qc3+ 38. Kd1
1-0

[Event "Championnat de France des Jeunes - Cadet"]
[Site "LA ROCHE SUR YON"]
[Date "2008.04.25"]
[Round "6.5"]
[White "Leriquier, Claire"]
[Black "Cheype, Marie"]
[Result "0-1"]
[WhiteElo "1890"]
[BlackElo "1809"]
[PlyCount "42"]

1. e4 d5 2. exd5 Qxd5 3. Nc3 Qa5 4. Nf3 Nf6 5. g3 Bg4 6. Bg2 Nbd7 7. Qe2 e6 8.
Qb5 Bb4 9. Qxb7 O-O 10. O-O c5 11. Qc6 e5 12. b3 Bxc3 13. dxc3 Rac8 14. Qa4
Qxc3 15. Be3 Qxc2 16. Qa3 Nd5 17. Nxe5 Nxe3 18. Nxd7 Nxg2 19. Nxf8 Qe4 20. Qa4
Qf3 21. Nxh7 Nh4 0-1

[Event "Championnat de France des Jeunes - Minimes"]
[Site "LA ROCHE SUR YON"]
[Date ""]
[Round "6.1"]
[White "Buscara, Sevan"]
[Black "Sochacki, Wojtek"]
[Result "1/2-1/2"]
[WhiteElo "2146"]
[BlackElo "2245"]
[Annotator ""]

1.d4 Nf6 2. Nf3 e6 3. Bf4 b6 4. e3 Be7 5. h3 O-O 6. Bd3 c5 7. c3 Ba6
8. Bxa6 Nxa6 9. O-O Qc8 10. Nbd2 Qb7 11. Qe2 Rac8 12. Rac1 d5 13. Ne5
Nc7 14. Bg5 Nce8 15. Rfe1 Nd6 16. b4 Nfe4 17. Bxe7 Qxe7 18. Nb3 f6 19.
bxc5 fxe5 20. cxd6 Qxd6 21. f3 Nxc3 22. Qa6 Rc4 23. Qxa7 exd4 24. Nxd4
e5 25. Rxc3 Rxc3 26. Nb5 Qc5 27. Nxc3 Qxc3 28. Kf2 d4 29. Qxb6 Kh8 30.
Qb3 Qc5 31. exd4 exd4 32. Qd3 h6 33. Rd1 Rd8 34. Kg1 Qd6 35. Kh1 Re8
36. a4 Rd8 37. a5 Qb4 38. a6 Qa4 39. f4 Qa5 40. f5 Qa4 41. Rf1 Rd6 42.
Rf4 Qxa6 43. Qxa6 Rxa6 44. Rxd4 g6 45. fxg6 Rxg6 46. g4 h5 47. Kg2
hxg4 48. hxg4 Kg7 49. Kg3 Rb6 50. Kf4 Kg6 51. g5 Ra6 52. Ke4 1/2-1/2

[Event "Championnat de France des Jeunes - Minim"]
[Site "LA ROCHE SUR YON"]
[Date "2008.04.24"]
[Round "6.2"]
[White "Massoni, Michael"]
[Black "Samoun, Florent"]
[Result "0-1"]
[WhiteElo "2176"]
[BlackElo "1987"]
[PlyCount "82"]

1. e4 e6 2. Qe2 b6 3. g3 Bb7 4. Bg2 c5 5. f4 Nc6 6. Nf3 Qc7 7. d3 g6 8. Nc3 a6
9. e5 d5 10. exd6 Qxd6 11. Ne4 Qe7 12. Bd2 Bg7 13. Bc3 Nd4 14. Qf2 Rd8 15. O-O
Qc7 16. Nxd4 Bxd4 17. Bxd4 cxd4 18. Rae1 Nh6 19. c3 Ng4 20. Qe2 Ne3 21. Rf3
Nxg2 22. Qxg2 dxc3 23. bxc3 O-O 24. Qf2 Bxe4 25. dxe4 Qc5 26. Rfe3 Rd7 27. g4
Rfd8 28. R1e2 Rd1+ 29. Kg2 R1d3 30. Qe1 Rxe3 31. Rxe3 Qc4 32. Qf2 b5 33. Kf3
Rd1 34. Qe2 Rf1+ 35. Kg3 Qxe2 36. Rxe2 Rc1 37. f5 gxf5 38. exf5 Rxc3+ 39. Kf4
exf5 40. gxf5 Kg7 41. Ke5 Rc5+ 0-1

[Event "Championnat de France des Jeunes - Minim"]
[Site "LA ROCHE SUR YON"]
[Date "2008.04.24"]
[Round "6.3"]
[White "Ollier, Pablo"]
[Black "Le Ruyet, Leopold"]
[Result "1-0"]
[WhiteElo "2147"]
[BlackElo "2063"]
[PlyCount "99"]

1. d4 Nf6 2. c4 e6 3. Nc3 c5 4. d5 exd5 5. cxd5 d6 6. e4 g6 7. Nf3 Bg7 8. h3
O-O 9. Bd3 a6 10. a4 Nbd7 11. O-O Re8 12. Bf4 Qe7 13. Nd2 Nh5 14. Bh2 Qf6 15.
Nc4 Ne5 16. Nxe5 dxe5 17. Be2 Nf4 18. Bg4 Qg5 19. Bxf4 exf4 20. Bxc8 Raxc8 21.
Qf3 Qe5 22. a5 g5 23. Rfe1 Qd6 24. Na4 c4 25. Nb6 Rc5 26. Rac1 Bxb2 27. Nxc4
Qc7 28. Rb1 Rxc4 29. Rxb2 Qxa5 30. Rbe2 f6 31. h4 Rec8 32. hxg5 Rc1 33. Rxc1
Rxc1+ 34. Kh2 fxg5 35. e5 Qa1 36. g3 Rc3 37. Qg4 h6 38. gxf4 Qf1 39. fxg5 Rh3+
40. Qxh3 Qxe2 41. Qe6+ Kf8 42. Qc8+ Kg7 43. Qxb7+ Kg6 44. Qb6+ Kxg5 45. Qf6+
Kh5 46. e6 Qb5 47. Qf5+ Kh4 48. Qf4+ Kh5 49. e7 Qd7 50. Qe5+ 1-0

[Event "Championnat de France des Jeunes - Minim"]
[Site "LA ROCHE SUR YON"]
[Date "2008.04.24"]
[Round "6.4"]
[White "Hoareau, William"]
[Black "Martin, Cedric"]
[Result "1/2-1/2"]
[WhiteElo "2065"]
[BlackElo "2125"]
[PlyCount "111"]

1. d4 Nf6 2. Bg5 d5 3. Bxf6 gxf6 4. g3 c5 5. dxc5 e6 6. Nd2 Bxc5 7. Nb3 Be7 8.
Bg2 Nc6 9. c3 Bd7 10. e4 dxe4 11. Bxe4 Qb6 12. Ne2 f5 13. Bg2 e5 14. Nd2 Be6
15. Qa4 f6 16. Nc4 Qc7 17. Na5 Bd7 18. Nxc6 Bxc6 19. Bxc6+ Qxc6 20. Qxc6+ bxc6
21. O-O-O Bc5 22. f3 Ke7 23. Kc2 a5 24. Rd2 Rad8 25. Rxd8 Rxd8 26. a3 Ke6 27.
Rd1 Rxd1 28. Kxd1 Kd5 29. a4 Be3 30. Kc2 e4 31. f4 h5 32. b3 h4 33. gxh4 c5 34.
h5 Ke6 35. b4 cxb4 36. cxb4 axb4 37. Kb3 Bc5 38. Kc4 Ba7 39. Kxb4 Kf7 40. Kc4
Bb6 41. Kd5 e3 42. Kc6 Ba7 43. Kb7 Bc5 44. a5 Kg7 45. a6 Kh6 46. a7 Bxa7 47.
Kxa7 Kxh5 48. h3 Kh4 49. Kb6 Kxh3 50. Kc5 Kg2 51. Kd4 Kf2 52. Kd3 Kf3 53. Nd4+
Kxf4 54. Ke2 Ke4 55. Nf3 f4 56. Ne1 1/2-1/2

[Event "Championnat de France des Jeunes - Minim"]
[Site "LA ROCHE SUR YON"]
[Date "2008.04.24"]
[Round "6.5"]
[White "Graca, Robert"]
[Black "Dionisi, Thomas"]
[Result "1/2-1/2"]
[WhiteElo "2103"]
[BlackElo "2042"]
[PlyCount "59"]

1. Nf3 g6 2. c4 Bg7 3. e4 d6 4. d4 e5 5. Nc3 Bg4 6. d5 a5 7. Be2 Na6 8. O-O Nc5
9. Ne1 Bxe2 10. Qxe2 Nf6 11. Nd3 Nfd7 12. Be3 O-O 13. f3 f5 14. Rad1 fxe4 15.
fxe4 Bf6 16. Nxc5 Nxc5 17. Bxc5 dxc5 18. Qg4 Qc8 19. Qxc8 Raxc8 20. d6 c6 21.
Na4 Bd8 22. d7 Rb8 23. Rd6 Be7 24. Rd2 b6 25. b3 Rfd8 26. g4 Rb7 27. Rfd1 Kf7
28. Kg2 Ke6 29. Kg3 b5 30. Nc3 1/2-1/2

[Event "Championnat de France des Jeunes - Minimettes"]
[Site "LA ROCHE SUR YON"]
[Date ""]
[Round "6.1"]
[White "Jeannerot, Lea"]
[Black "Lefevre, Margaux"]
[Result "1-0"]
[WhiteElo "1946"]
[BlackElo "1968"]
[Annotator ""]

1. Nf3 Nf6 2. b3 c5 3. Bb2 d5 4. e3 e6 5. Ne5 Bd6 6. d4 cxd4 7. exd4
O-O 8. Bd3 b6 9. Nd2 Bb7 10. O-O Nbd7 11. f4 Ne4 12. Qe2 Ndf6 13. Rf3
Bb4 14. c3 Nxc3 15. Bxc3 Bxc3 16. Bxh7+ Nxh7 17. Rxc3 Nf6 18. Rh3 Qe7
19. g4 Qb4 20. Ndf3 Ne4 21. Nd3 Qb5 22. g5 g6 23. Nfe5 Kg7 24. Rc1
Rac8 25. Rxc8 Bxc8 26. Qg4 Qe8 27. Qh4 Rh8 28. Qxh8+ Qxh8 29. Rxh8
Kxh8 30. Nxf7+ Kg7 31. Nfe5 Nc3 32. Kf2 Nxa2 33. Nc6 a5 34. Ne7 Bd7
35. Ne5 Be8 36. Nc8 Nc1 37. Nd6 Nxb3 38. Nxe8+ Kf8 39. Nc7 Nxd4 40.
Ke3 Nf5+ 41. Kd3 Ke7 42. Nb5 Nh4 43. h3 Kd8 44. Nd4 Ke7 45. Ndf3 Nxf3
46. Nxf3 b5 47. Ne5 Kd6 48. Nxg6 a4 49. Ne5 b4 50. Kc2 b3+ 51. Kb2 Kc5
52. h4 Kb4 53. Nc6+ Kc5 54. g6 Kxc6 55. g7 Kc5 56. g8Q Kb4 57. Qb8+
Kc4 58. Qc7+ Kb4 59. Qb6+ Kc4 60. Qxe6 1-0

[Event "Championnat de France des Jeunes - Minim"]
[Site "LA ROCHE SUR YON"]
[Date "2008.04.25"]
[Round "6.2"]
[White "Muller, Marion"]
[Black "Kohi, Camilla"]
[Result "1-0"]
[WhiteElo "1815"]
[BlackElo "1855"]
[PlyCount "67"]

1. e4 e6 2. d4 d5 3. Nc3 Nf6 4. e5 Nfd7 5. Nce2 c5 6. c3 Nc6 7. f4 Qb6 8. Nf3
Be7 9. g3 O-O 10. Kf2 f6 11. Bh3 Nd8 12. Kg2 Qc7 13. b3 b6 14. Rf1 Bb7 15. Bb2
Qc6 16. Kg1 Nf7 17. Qd2 Rae8 18. Rae1 Nh6 19. Nc1 a5 20. Nd3 Ba6 21. Rf2 b5 22.
exf6 Rxf6 23. Ng5 Bf8 24. Rfe2 Nf7 25. Bxe6 Re7 26. Bxf7+ Rexf7 27. Nxf7 Rxf7
28. Re6 Qc8 29. Re8 Qc7 30. Nxc5 Nxc5 31. dxc5 Qxc5+ 32. Qd4 Qc6 33. Ba3 Bb7
34. Qc5 1-0

[Event "Championnat de France des Jeunes - Minim"]
[Site "LA ROCHE SUR YON"]
[Date "2008.04.25"]
[Round "6.3"]
[White "Forgues, Valerie"]
[Black "Berthelot, Maeva"]
[Result "1-0"]
[WhiteElo "1970"]
[BlackElo "1787"]
[PlyCount "39"]

1. e4 c5 2. Nf3 d6 3. d4 cxd4 4. Nxd4 Nf6 5. Nc3 Nc6 6. Be2 g6 7. Be3 Bg7 8.
O-O O-O 9. Kh1 Nxd4 10. Bxd4 a6 11. a4 b6 12. f4 Bb7 13. Bf3 Bc6 14. Qd2 b5 15.
axb5 axb5 16. Rae1 Qc7 17. e5 Bxf3 18. Rxf3 b4 19. exf6 bxc3 20. Rxc3 1-0

[Event "Championnat de France des Jeunes - Minim"]
[Site "LA ROCHE SUR YON"]
[Date "2008.04.25"]
[Round "6.4"]
[White "Soubirou, Oriane"]
[Black "Lemaitre, Delphine"]
[Result "1/2-1/2"]
[WhiteElo "1820"]
[BlackElo "1724"]
[PlyCount "92"]

1. e4 c5 2. Nf3 d6 3. d4 cxd4 4. Nxd4 Nf6 5. Nc3 a6 6. g3 Nc6 7. Nde2 g6 8. Bg2
Bg7 9. O-O O-O 10. h3 Qc7 11. Bg5 h6 12. Be3 b5 13. Rb1 Bb7 14. Qd2 Kh7 15. a4
bxa4 16. Nxa4 Ne5 17. Nb6 Rab8 18. Nc3 Ned7 19. Nbd5 Nxd5 20. Nxd5 Bxd5 21.
exd5 Rxb2 22. Rxb2 Bxb2 23. Bxh6 Rc8 24. Bg5 f6 25. Be3 Qxc2 26. Qxc2 Rxc2 27.
Rb1 Nc5 28. h4 Kg7 29. g4 a5 30. Bf3 Be5 31. g5 fxg5 32. hxg5 a4 33. Bd1 Ra2
34. f4 Ra1 35. Rxa1 Bxa1 36. Bxc5 dxc5 37. Bxa4 Bd4+ 38. Kg2 Kf7 39. Bb3 Kg7
40. Kf3 Kf7 41. Kg4 Kg7 42. Bc4 Kf8 43. f5 Kg7 44. Bd3 gxf5+ 45. Kxf5 Be3 46.
g6 Bd4 1/2-1/2

[Event "Championnat de France des Jeunes - Minim"]
[Site "LA ROCHE SUR YON"]
[Date "2008.04.25"]
[Round "6.5"]
[White "Hourlier, Claire"]
[Black "Klipper, Noemie"]
[Result "1/2-1/2"]
[WhiteElo "1907"]
[BlackElo "1831"]
[PlyCount "121"]

1. e4 c5 2. Nc3 g6 3. f4 Bg7 4. Nf3 Nc6 5. Bc4 e6 6. f5 Nge7 7. fxe6 fxe6 8. d3
h6 9. O-O O-O 10. Bd2 d5 11. Bb3 Nd4 12. Nxd4 cxd4 13. Ne2 dxe4 14. dxe4 Rxf1+
15. Qxf1 d3 16. Nf4 dxc2 17. Nxe6 Bxe6 18. Bxe6+ Kh8 19. Qf2 Bxb2 20. Rc1 Bd4
21. Be3 Bxe3 22. Qxe3 Qd1+ 23. Qe1 Qd4+ 24. Kh1 Rd8 25. Bb3 Qd2 26. Bxc2 Nc6
27. Bb3 Kg7 28. Bd5 Qxe1+ 29. Rxe1 Re8 30. Rf1 Re7 31. g3 Ne5 32. Rb1 b6 33.
Kg2 Rc7 34. Rb2 Rc5 35. Rd2 a5 36. Kf2 b5 37. Ke2 Kf6 38. Kd1 Ng4 39. Ke1 Rc1+
40. Ke2 Nxh2 41. Kd3 Ng4 42. Kd4 b4 43. e5+ Ke7 44. Bf3 h5 45. Bxg4 hxg4 46.
Kd5 Rc3 47. Rg2 a4 48. Kd4 Ke6 49. Rb2 Rxg3 50. Rxb4 a3 51. Ra4 Rf3 52. Ke4 g5
53. Ra6+ Ke7 54. Rg6 Rf2 55. Rxg5 Rxa2 56. Rxg4 Re2+ 57. Kd3 a2 58. Ra4 Rh2 59.
Kc3 Ke6 60. Kb3 Kxe5 61. Rxa2 1/2-1/2

[Event "Championnat de France des Jeunes - Benjamins"]
[Site "LA ROCHE SUR YON"]
[Date ""]
[Round "6.1"]
[White "Ider, Borya"]
[Black "Lagarde, Maxime"]
[Result "1/2-1/2"]
[WhiteElo "2074"]
[BlackElo "2308"]
[Annotator ""]

1. b3 c5 2. Bb2 Nc6 3. Nf3 d6 4. d4 cxd4 5. Nxd4 e5 6. Nxc6 bxc6 7. g3
Ne7 8. Bg2 Qc7 9. c4 Be6 10. Nc3 Rb8 11. Qd2 Nf5 12. Rc1 h5 13. O-O
Qd7 14. Ne4 f6 15. Rfd1 Be7 16. Qc2 Qc7 17. c5 d5 18. Nd6+ Nxd6 19.
cxd6 Bxd6 20. Qxc6+ Qxc6 21. Rxc6 Rb6 22. Rxb6 axb6 23. Bxd5 Bxd5 24.
Rxd5 Ke7 25. e4 Rc8 26. Rd2 Bb4 27. Re2 g5 28. a3 Bd6 29. Rd2 Ra8 30.
b4 Rc8 31. f3 Ke6 32. h3 Rc4 33. g4 h4 34. Kf2 Kd7 35. Ke3 b5 36. Kd3
Kc6 37. Bc3 Kb6 38. Kc2 Rc6 39. Kb3 Be7 40. Rd3 Rd6 41. Rxd6+ Bxd6 42.
Bd2 Bf8 43. Be3+ Kc6 44. a4 Bd6 45. a5 Be7 46. Bb6 Kb7 47. Bc5 Bd8 48.
Bf8 Ka6 49. Bc5 1/2-1/2

[Event "Championnat de France des Jeunes - Benja"]
[Site "LA ROCHE SUR YON"]
[Date "2008.04.24"]
[Round "6.2"]
[White "Moussard, Jules"]
[Black "Netzer, Jacques"]
[Result "1-0"]
[WhiteElo "2283"]
[BlackElo "2059"]
[PlyCount "88"]

1. e4 c5 2. g3 Nc6 3. Bg2 g6 4. d3 Bg7 5. f4 d6 6. Nf3 e6 7. O-O Nge7 8. c3 O-O
9. a4 a6 10. Be3 Rb8 11. Na3 b5 12. axb5 axb5 13. Nc2 b4 14. d4 d5 15. e5 bxc3
16. bxc3 c4 17. g4 Na5 18. Bf2 Nb3 19. Ra3 Nc6 20. Bh4 Qb6 21. Qe1 Bd7 22. Ne3
Ra8 23. Rxa8 Rxa8 24. f5 Ra1 25. Qf2 Rxf1+ 26. Bxf1 Qa5 27. Ng5 Nd8 28. Qc2 Nc6
29. Nf3 Qa6 30. Bg5 h6 31. fxg6 fxg6 32. Bxh6 Bxh6 33. Qxg6+ Bg7 34. Nxd5 exd5
35. e6 Ncxd4 36. Qf7+ Kh8 37. cxd4 Nxd4 38. exd7 Nxf3+ 39. Kg2 Qb6 40. Kxf3
Qf6+ 41. Qxf6 Bxf6 42. Kf4 Kg7 43. Kf5 Kf7 44. Bg2 Bd8 1-0

[Event "Championnat de France des Jeunes - Benja"]
[Site "LA ROCHE SUR YON"]
[Date "2008.04.24"]
[Round "6.3"]
[White "Lemeille, Francois"]
[Black "Sochacki, Christophe"]
[Result "0-1"]
[WhiteElo "2090"]
[BlackElo "2185"]
[PlyCount "78"]

1. e4 c5 2. Nf3 e6 3. d4 cxd4 4. Nxd4 a6 5. Bd3 Nf6 6. O-O d6 7. Kh1 Nbd7 8. f4
Qc7 9. g4 Nc5 10. Nc3 b5 11. g5 Nfd7 12. Bd2 Qb6 13. Be3 b4 14. Nce2 Bb7 15.
Ng3 Be7 16. a3 bxa3 17. bxa3 Qc7 18. Rb1 f5 19. gxf6 Nxf6 20. Rxb7 Qxb7 21. Qf3
Rc8 22. f5 e5 23. Ne6 Nxe6 24. fxe6 d5 25. exd5 Qxd5 26. Ne4 Qxe6 27. Ng5 Qc6
28. Ne4 O-O 29. Rg1 Nxe4 30. Qxe4 Qxe4+ 31. Bxe4 Bc5 32. Bd5+ Kh8 33. Bxc5 Rxc5
34. c4 Ra5 35. Re1 Rxa3 36. Rxe5 Ra2 37. Kg1 Rc2 38. Re6 Rb8 39. Bb7 Kg8 0-1

[Event "Championnat de France des Jeunes - Benja"]
[Site "LA ROCHE SUR YON"]
[Date "2008.04.24"]
[Round "6.4"]
[White "Ollier, Milan"]
[Black "Loiseau, Quentin"]
[Result "0-1"]
[WhiteElo "1893"]
[BlackElo "2012"]
[PlyCount "76"]

1. e4 c5 2. a3 e5 3. Nc3 Nc6 4. Bc4 d6 5. d3 Be6 6. f4 exf4 7. Bxf4 Qd7 8. Nf3
O-O-O 9. b4 Bxc4 10. dxc4 Qe6 11. Qe2 Ne5 12. Nd5 Nxf3+ 13. gxf3 Ne7 14. Rb1
Rd7 15. a4 Nc6 16. c3 Ne5 17. a5 h6 18. Rf1 Be7 19. Kd1 Re8 20. Kc2 Bf8 21.
Rbe1 Nc6 22. b5 Nxa5 23. b6 a6 24. Ra1 Nc6 25. Nc7 Rxc7 26. bxc7 Kxc7 27. Rad1
f5 28. Rfe1 g5 29. Bg3 f4 30. Bf2 Ne5 31. Rd5 Qh3 32. Bg1 Qxf3 33. Qxf3 Nxf3
34. Rf1 Ne5 35. Kb3 Re6 36. h3 Be7 37. Rfd1 Nc6 38. Bh2 Rxe4 0-1

[Event "Championnat de France des Jeunes - Benja"]
[Site "LA ROCHE SUR YON"]
[Date "2008.04.24"]
[Round "6.5"]
[White "Brunier, Jules"]
[Black "Peyre, Thomas"]
[Result "1-0"]
[WhiteElo "1886"]
[BlackElo "1911"]
[PlyCount "65"]

1. e4 e6 2. d4 d5 3. Nd2 Nf6 4. e5 Nfd7 5. Bd3 c5 6. c3 Nc6 7. Ne2 cxd4 8. cxd4
f6 9. Nf4 Nxd4 10. Qh5+ Ke7 11. Ng6+ hxg6 12. exf6+ Nxf6 13. Qxh8 Kf7 14. O-O
e5 15. Nf3 Nxf3+ 16. gxf3 Bf5 17. Bxf5 gxf5 18. Qh4 Rc8 19. Qa4 Bc5 20. Qb3 Qd7
21. Be3 Bd6 22. Bg5 e4 23. Rfd1 Bxh2+ 24. Kxh2 f4 25. Kg2 Rh8 26. Rh1 Re8 27.
Bxf6 Kxf6 28. Rh5 Rd8 29. Rd1 d4 30. Qb5 exf3+ 31. Kxf3 Qc8 32. Qe5+ Kf7 33.
Qf5+ 1-0

[Event "Championnat de France des Jeunes - Benjamines"]
[Site "LA ROCHE SUR YON"]
[Date ""]
[Round "6.1"]
[White "Monpeurt, Cyrielle"]
[Black "Haussernot, Cecile"]
[Result "0-1"]
[WhiteElo "1734"]
[BlackElo "1864"]
[Annotator ""]

1. e4 c5 2. d4 cxd4 3. c3 dxc3 4. Nxc3 Nc6 5. Nf3 e6 6. Bc4 a6 7. O-O
Nge7 8. Qe2 Ng6 9. Rd1 Bb4 10. Bd2 O-O 11. Rac1 b5 12. Bb3 Bxc3 13.
Bxc3 Qc7 14. e5 Qd8 15. Qe3 Qe7 16. Rd6 Bb7 17. Rcd1 Rad8 18. Qb6 Ba8
19. Qxa6 Ncxe5 20. Ne1 Qg5 21. Bxe5 Nxe5 22. Kf1 Ng4 23. R1d3 Qh4 24.
Qb6 Rb8 25. Qd4 e5 26. Rh3 Qxh3 27. gxh3 Nxh2+ 28. Kg1 exd4 29. Kxh2
Rfe8 30. Nd3 Bc6 31. Rxd4 Re2 32. Rf4 Re7 33. Rf5 Be4 0-1

[Event "Championnat de France des Jeunes - Benja"]
[Site "LA ROCHE SUR YON"]
[Date "2008.04.24"]
[Round "6.2"]
[White "Aflalo, Sophie"]
[Black "Roger, Juliette"]
[Result "1-0"]
[WhiteElo "1959"]
[BlackElo "1460"]
[PlyCount "50"]

1. e4 c5 2. Nf3 Nc6 3. d4 cxd4 4. Nxd4 g6 5. Nc3 Bg7 6. Be3 d6 7. Bc4 Nf6 8. h3
O-O 9. Bb3 Bd7 10. Qd2 a6 11. f3 Qc7 12. O-O-O Rfc8 13. h4 h5 14. Nce2 Ne5 15.
Nf4 Bc6 16. Nh3 b5 17. Ng5 Rf8 18. Ne2 Bd7 19. Nf4 Qc8 20. g4 hxg4 21. h5 gxh5
22. Nxh5 Nxh5 23. Rxh5 gxf3 24. Qh2 Ng6 25. Rh8+ Bxh8 1-0

[Event "Championnat de France des Jeunes - Benja"]
[Site "LA ROCHE SUR YON"]
[Date "2008.04.24"]
[Round "6.3"]
[White "Eid, Maha"]
[Black "Neuhauser, Salome"]
[Result "0-1"]
[WhiteElo "1942"]
[BlackElo "1945"]
[PlyCount "56"]

1. d4 Nf6 2. c4 e6 3. Nc3 Bb4 4. e3 b6 5. Bd3 Bb7 6. Nge2 Bxg2 7. Rg1 Bf3 8.
Rxg7 Ng4 9. Qc2 f5 10. Bxf5 exf5 11. Qxf5 Qf6 12. Qh5+ Kf8 13. Rg5 Nxe3 14. Qh3
h6 15. Rg6 Nc2+ 16. Kf1 Bxe2+ 17. Nxe2 Qxg6 18. Qf3+ Kg7 19. Nf4 Qf7 20. Nh5+
Kg6 21. Nf4+ Kg7 22. Nh5+ Kf8 23. Qxa8 Qxh5 24. Qxb8+ Kg7 25. Qxc7 Qh3+ 26. Kg1
Kh7 27. Bf4 Nxa1 28. Qe5 Qe6 0-1

[Event "Championnat de France des Jeunes - Benja"]
[Site "LA ROCHE SUR YON"]
[Date "2008.04.25"]
[Round "6.4"]
[White "Stubbe, Alicia"]
[Black "Gan, Grace"]
[Result "0-1"]
[WhiteElo "1570"]
[BlackElo "1600"]
[PlyCount "52"]

1. e4 c6 2. d4 d5 3. Nc3 dxe4 4. Nxe4 Nf6 5. Nxf6+ gxf6 6. Bc4 Bf5 7. Ne2 Nd7
8. Nf4 e6 9. g4 Bg6 10. h4 Be4 11. f3 Bd5 12. Nxd5 cxd5 13. Bb3 h5 14. Qe2 hxg4
15. Bxd5 Qa5+ 16. Bd2 Qxd5 17. Rf1 gxf3 18. Rxf3 Qxd4 19. Rf4 Qxb2 20. Qd1 Qe5+
21. Kf1 Bh6 22. Rf2 Bxd2 23. Rxd2 Rxh4 24. Kf2 Rh2+ 25. Kg1 Qg3+ 26. Kf1 Rh1+
0-1

[Event "Championnat de France des Jeunes - Benja"]
[Site "LA ROCHE SUR YON"]
[Date "2008.04.25"]
[Round "6.5"]
[White "Le Marec, Laura"]
[Black "Aggoune, Audessa"]
[Result "0-1"]
[WhiteElo "1520"]
[BlackElo "1750"]
[PlyCount "122"]

1. Nf3 Nf6 2. g3 d5 3. Bg2 Bf5 4. O-O e6 5. d4 Bd6 6. Nbd2 O-O 7. Nh4 Bg6 8.
Ndf3 Be4 9. Ng5 Bxg2 10. Nxg2 h6 11. Nf3 Nbd7 12. Bf4 Bxf4 13. Nxf4 Rc8 14. Nd3
Ne4 15. Nfe5 Nxe5 16. Nxe5 c5 17. c3 cxd4 18. Qxd4 b6 19. f3 Nc5 20. Qf4 Qc7
21. e4 Nd7 22. Nxd7 Qxd7 23. Rad1 Qb5 24. Rd2 Rfd8 25. Rfd1 Rc5 26. exd5 Rcxd5
27. c4 Rxd2 28. Rxd2 Qc5+ 29. Rf2 Qd4 30. Qxd4 Rxd4 31. Rc2 Kf8 32. Kf2 Ke7 33.
Ke3 e5 34. f4 f6 35. b3 Rd6 36. Rd2 Rxd2 37. Kxd2 e4 38. Ke3 f5 39. h3 g6 40.
h4 h5 41. Kd4 Kd6 42. b4 Kc6 43. a4 a5 44. bxa5 bxa5 45. c5 e3 46. Kxe3 Kxc5
47. Kd3 Kb4 48. Kd4 Kxa4 49. Kc4 Ka3 50. Kc3 a4 51. Kc2 Kb4 52. Kb2 a3+ 53. Kc2
Kc4 54. Kb1 Kd3 55. Ka2 Ke3 56. Kxa3 Kf3 57. Kb2 Kxg3 58. Kc2 Kxh4 59. Kd2 Kg3
60. Ke3 h4 61. Ke2 Kg2 0-1

[Event "Championnat de France des Jeunes - Pupilles"]
[Site "LA ROCHE SUR YON"]
[Date ""]
[Round "6.1"]
[White "Purenne, Benoit"]
[Black "Lamard, Guillaume"]
[Result "1-0"]
[WhiteElo "1877"]
[BlackElo "2024"]
[Annotator ""]

1. e4 c5 2. Nc3 Nc6 3. Bb5 g6 4. Bxc6 dxc6 5. d3 Bg7 6. Be3 b6 7. f4
Nf6 8. h3 O-O 9. Nge2 e5 10. Qd2 exf4 11. Nxf4 a5 12. Na4 Nd7 13. O-O
Qe7 14. Qf2 Qd6 15. Nxb6 Nxb6 16. Bxc5 Qd7 17. Bxb6 Bxb2 18. Rab1 Bg7
19. Kh1 f5 20. Bc5 Rf7 21. Qe2 Bd4 22. e5 Bxc5 23. e6 Qd4 24. exf7+
Kxf7 25. Rbe1 Qd7 26. g4 Bb4 27. gxf5 Bxe1 28. fxg6+ Kg7 29. Qe5+ Kg8
30. gxh7+ Qxh7 31. Qe8+ Kg7 32. Nh5+ Kh6 33. Rxe1 Bxh3 34. Qxa8 Kxh5
35. Qe8+ Kg4 36. Qe4+ Qxe4+ 37. Rxe4+ Kf3 38. Ra4 Ke3 39. Rxa5 Kd4 40.
Rh5 Bc8 41. Kg1 Ba6 42. Ra5 Bc8 43. Ra3 c5 44. Kf1 c4 45. Ra4 Be6 46.
Ke2 Kc3 47. Rxc4+ Bxc4 48. dxc4 Kxc4 49. Kd2 Kb4 50. Kd3 Kc5 51. c4
Kc6 52. Kd4 Kc7 53. Kd5 Kd7 54. c5 Kc7 55. c6 Kc8 56. Kd6 Kd8 57. c7+
1-0

[Event "Championnat de France des Jeunes - Pupil"]
[Site "LA ROCHE SUR YON"]
[Date "2008.04.24"]
[Round "6.2"]
[White "Valente, Alexandre"]
[Black "Giroyan, Gary"]
[Result "0-1"]
[WhiteElo "1910"]
[BlackElo "2047"]
[PlyCount "68"]

1. e4 c5 2. Nf3 d6 3. d4 cxd4 4. Nxd4 Nf6 5. Nc3 a6 6. f3 e6 7. Be3 b5 8. g4
Nfd7 9. Qd2 Nb6 10. O-O-O Bb7 11. h4 N8d7 12. g5 Rc8 13. h5 b4 14. Nb1 d5 15.
Bh3 g6 16. hxg6 hxg6 17. Bxe6 Rxh1 18. Bxd7+ Qxd7 19. Rxh1 Nc4 20. Qe2 Bg7 21.
Rh7 Kf8 22. Nd2 Nxe3 23. Qxe3 dxe4 24. N4b3 exf3 25. Nxf3 Re8 26. Qd2 Qg4 27.
Qh2 Qxf3 28. Rh8+ Bxh8 29. Qxh8+ Ke7 30. Qe5+ Kf8 31. Qh8+ Ke7 32. Qe5+ Kd8 33.
Qd6+ Kc8 34. Qc5+ Qc6 0-1

[Event "Championnat de France des Jeunes - Pupil"]
[Site "LA ROCHE SUR YON"]
[Date "2008.04.24"]
[Round "6.3"]
[White "Bordais, Benjamin"]
[Black "Grandadam, Patrick"]
[Result "0-1"]
[WhiteElo "1770"]
[BlackElo "1965"]
[PlyCount "80"]

1. e4 c5 2. Nf3 e6 3. d4 cxd4 4. Nxd4 a6 5. Nc3 Qc7 6. g3 Bb4 7. Bd2 Nf6 8. Bg2
O-O 9. O-O Be7 10. Nb3 Nc6 11. Be3 b5 12. f4 d6 13. e5 Ne8 14. exd6 Nxd6 15.
Nd4 Bb7 16. a4 Nc4 17. Qe2 Nxe3 18. Qxe3 Nxd4 19. Bxb7 Bc5 20. Qe4 Nc6+ 21. Kg2
Qxb7 22. Rfe1 b4 23. Ne2 Na5 24. Qxb7 Nxb7 25. c3 Rad8 26. Rad1 Rxd1 27. Rxd1
Rd8 28. Rxd8+ Nxd8 29. Kf3 f6 30. cxb4 Bxb4 31. Ke3 Nc6 32. Kd3 Kf7 33. Kc4 Ke7
34. Nc1 Kd6 35. Nd3 a5 36. h3 e5 37. Kb5 e4 38. Nxb4 Nxb4 39. Kxa5 Kc5 40. g4
e3 0-1

[Event "Championnat de France des Jeunes - Pupil"]
[Site "LA ROCHE SUR YON"]
[Date "2008.04.24"]
[Round "6.4"]
[White "Kovarski, Julien"]
[Black "Gelas, Christophe"]
[Result "0-1"]
[WhiteElo "1490"]
[BlackElo "1813"]
[PlyCount "102"]

1. e4 c5 2. Nf3 Nc6 3. Nc3 d6 4. Be2 Nf6 5. O-O g6 6. d3 Bg7 7. Be3 Qc7 8. Qd2
O-O 9. Bh6 Bg4 10. Bxg7 Kxg7 11. h3 Bxf3 12. Bxf3 Nd4 13. Be2 b5 14. Nd1 b4 15.
c3 bxc3 16. Nxc3 Qa5 17. Rac1 Rab8 18. Rfd1 Rb7 19. Bf1 Rfb8 20. b3 e6 21. Ne2
Qxd2 22. Rxd2 Rb4 23. Nxd4 Rxd4 24. Rdc2 Nd7 25. Rc4 Rb4 26. f4 a5 27. Kf2 e5
28. g3 exf4 29. gxf4 f5 30. Rxb4 Rxb4 31. Ke3 a4 32. Rc4 axb3 33. Rxb4 cxb4 34.
axb3 Nc5 35. Be2 Nxb3 36. Bd1 Nc5 37. exf5 gxf5 38. d4 Ne4 39. Bb3 Kf6 40. h4
Kg6 41. Kd3 Kh5 42. Kc4 Nd2+ 43. Kxb4 Nxb3 44. Kxb3 Kxh4 45. Kc4 Kg3 46. Kd5 h5
47. Kxd6 h4 48. d5 h3 49. Ke6 h2 50. d6 h1=Q 51. d7 Qh4 0-1